| 000 | 01201nam0a2200289 4500 | ||
|---|---|---|---|
| 001 | RU\NLR\bibl\531665 | ||
| 005 | 20260405123342.0 | ||
| 021 |
_aRU _b2004-31650 _91591 |
||
| 035 | _a(NLR Aleph) 000523971 | ||
| 090 |
_a1310796 _c1310796 |
||
| 100 | _a20040609d2004 |||y0rusy50 ca | ||
| 101 | 0 | _arus | |
| 102 | _aRU | ||
| 105 | _ay ||||||||| | ||
| 200 | 1 |
_aНеизвестная история города Уфы - Heartland: Господин Великий Новгород - Уфимский край, город явления Богородицы, страна городов _fНаил Валитов |
|
| 210 |
_aУфа _cН. Валитов _d2004 |
||
| 215 |
_a15, [2] с. _d21 |
||
| 320 | _aБиблиогр. в конце кн. | ||
| 607 |
_aУфа, город (Башкирия) _xИстория _xОригинальные теории _92337934 _3RU\NLR\auth\661397666 |
||
| 686 | _aТ3(2Р-6Б-2У) | ||
| 700 | 1 |
_4070 _8rus _7ca _aВалитов _bН. Ф. _f1953- _gНаил Фасхутдинович _3RU\NLR\auth\7749039 _931974 |
|
| 801 | 0 |
_aRU _bNLR _c20040621 _gPSBO |
|
| 801 | 1 |
_aRU _bNLR _c20040621 |
|
| 942 | _cBOOK | ||
| 980 | _aNB | ||
| 980 | _aNBR | ||